[Event "DEN-ch G5-2"]
[Site "Svendborg"]
[Date "2018.04.02"]
[Round "5"]
[White "Clausen, Hans Jorgen"]
[Black "Dithlevsen, Birgit"]
[Result "1/2-1/2"]
[WhiteElo "1711"]
[BlackElo "1495"]
[PlyCount "27"]
[EventDate "2018.03.29"]
[EventType "swiss"]
[EventRounds "5"]
[EventCountry "DEN"]
[SourceTitle "EXT 2019"]
[Source "ChessBase"]
[SourceDate "2018.10.10"]
[SourceVersion "1"]
[SourceVersionDate "2018.10.10"]
[SourceQuality "1"]

1. d4 d5 2. Nf3 Nc6 3. e3 Bd7 4. c4 dxc4 5. Bxc4 Nf6 6. Nc3 Na5 7. Be2 b6 8. b4 Nb7 9. Bb2 e6 10. a3 Nd6 11. 0-0 Be7 12. Qc2 0-0 13. e4 Nde8 14. Ne5 1/2-1/2

[Event "DEN-ch G5-2"]
[Site "Svendborg"]
[Date "2018.03.31"]
[Round "3"]
[White "Oseney, Mazen"]
[Black "Clausen, Hans Jorgen"]
[Result "1-0"]
[WhiteElo "1671"]
[BlackElo "1711"]
[PlyCount "101"]
[EventDate "2018.03.29"]
[EventType "swiss"]
[EventRounds "5"]
[EventCountry "DEN"]
[SourceTitle "EXT 2019"]
[Source "ChessBase"]
[SourceDate "2018.10.10"]
[SourceVersion "1"]
[SourceVersionDate "2018.10.10"]
[SourceQuality "1"]

1. e4 b6 2. d4 e6 3. Nf3 Bb7 4. Bd3 d6 5. 0-0 Nd7 6. c4 g6 7. Bg5 f6 8. Bh4 Bg7 9. e5 Bxf3 10. Qxf3 dxe5 11. Qc6 Kf7 12. Be4 Rc8 13. d5 Nc5 14. dxe6+ Nxe6 15. Bd5 Qd6 16. Qxd6 cxd6 17. Nc3 a6 18. Ne4 Ke7 19. Rad1 Nd4 20. Rfe1 Nf5 21. Bg3 Nxg3 22. hxg3 f5 23. Nxd6 Kxd6 24. Bxg8+ Ke7 25. Bd5 Rcd8 26. Re3 Rd6 27. Ra3 a5 28. c5 bxc5 29. Rxa5 Rhd8 30. Rxc5 e4 31. b4 h5 32. a4 Bc3 33. Rxc3 Rxd5 34. Rxd5 Rxd5 35. Kf1 Rd4 36. Rb3 Rc4 37. a5 Kd6 38. b5 Kc7 39. b6+ Kb8 40. Ra3 Rb4 41. Ra2 Rb5 42. Ke2 g5 43. Ke3 Rb4 44. Kd2 f4 45. gxf4 gxf4 46. Kc3 Rb1 47. Kc4 Kb7 48. a6+ Kb8 49. Kc5 Rc1+ 50. Kd5 e3 51. a7+ 1-0

[Event "Vojens Sonderjysk EMT A"]
[Site "Vojens"]
[Date "2015.06.03"]
[Round "7"]
[White "Clausen, Hans Jorgen"]
[Black "Schack, Asbjorn Hovgaard"]
[Result "1/2-1/2"]
[WhiteElo "1737"]
[BlackElo "1635"]
[PlyCount "68"]
[EventDate "2015.04.27"]
[EventType "tourn"]
[EventRounds "7"]
[EventCountry "DEN"]
[SourceTitle "EXT 2023"]
[Source "ChessBase"]
[SourceDate "2022.10.05"]
[SourceVersion "1"]
[SourceVersionDate "2022.10.05"]
[SourceQuality "1"]

1. d4 Nf6 2. Nf3 g6 3. c4 Bg7 4. Nc3 0-0 5. e4 d6 6. Be2 e5 7. d5 Na6 8. 0-0 Nc5 9. Bg5 Qe8 10. Bxf6 Bxf6 11. b4 Nd7 12. Nb5 Qd8 13. Qc1 b6 14. a4 a5 15. bxa5 Rxa5 16. Qc2 Nc5 17. Ne1 Bg7 18. Bf3 f5 19. Nc3 f4 20. Nd3 Nxd3 21. Qxd3 g5 22. h3 Qe8 23. Qe2 Bf6 24. Nb5 Qe7 25. Bg4 Bxg4 26. Qxg4 Qf7 27. h4 h5 28. Qe6 Qxe6 29. dxe6 Rc8 30. hxg5 Bxg5 31. Rfd1 Be7 32. Rd3 Kg7 33. g3 fxg3 34. Rf3 c6 1/2-1/2

[Event "Sonderjysk-ch B"]
[Site "Haderslev"]
[Date "2013.05.06"]
[Round "2"]
[White "Asmund, Erik"]
[Black "Clausen, Hans Jorgen"]
[Result "1/2-1/2"]
[WhiteElo "1444"]
[BlackElo "1576"]
[PlyCount "29"]
[EventDate "2013.04.29"]
[EventType "tourn"]
[EventRounds "7"]
[EventCountry "DEN"]
[SourceTitle "EXT 2023"]
[Source "ChessBase"]
[SourceDate "2022.10.05"]
[SourceVersion "1"]
[SourceVersionDate "2022.10.05"]
[SourceQuality "1"]

1. e4 b6 2. d4 e6 3. Nf3 Bb7 4. Bd3 Be7 5. c3 Nf6 6. Qc2 d6 7. Be3 Nbd7 8. Nbd2 0-0 9. 0-0 e5 10. h3 a5 11. a4 Nh5 12. Nh2 Bg5 13. Bxg5 Qxg5 14. Ndf3 Qe7 15. Qd2 1/2-1/2

[Event "Sonderjysk EMT A"]
[Site "Sonderborg"]
[Date "2012.02.29"]
[Round "6"]
[White "Clausen, Hans Jorgen"]
[Black "Bojsen, Bent"]
[Result "0-1"]
[WhiteElo "1661"]
[BlackElo "1794"]
[PlyCount "92"]
[EventDate "2012.01.17"]
[EventType "tourn"]
[EventRounds "7"]
[EventCountry "DEN"]
[SourceTitle "EXT 2023"]
[Source "ChessBase"]
[SourceDate "2022.10.05"]
[SourceVersion "1"]
[SourceVersionDate "2022.10.05"]
[SourceQuality "1"]

1. d4 Nf6 2. Nf3 d6 3. c4 c6 4. Nc3 Nbd7 5. e4 e5 6. dxe5 dxe5 7. Bg5 h6 8. Bxf6 Qxf6 9. Be2 Be7 10. 0-0 0-0 11. Qc2 Nc5 12. b4 Ne6 13. a3 Nf4 14. Ne1 Rd8 15. Bf3 Be6 16. Ne2 Ng6 17. g3 Rd7 18. Bg2 Rad8 19. Nf3 Bg4 20. Nxe5 Qxe5 21. f4 Qc7 22. Rad1 Rxd1 23. Rxd1 Rxd1+ 24. Qxd1 Qb6+ 25. c5 Qb5 26. Bf1 Qc4 27. e5 Qe4 28. Qd2 Bxe2 29. Bxe2 a5 30. Bf1 axb4 31. axb4 Nf8 32. h3 Ne6 33. Bg2 Qd4+ 34. Qxd4 Nxd4 35. Bf1 Nc2 36. b5 Bxc5+ 37. Kh2 Be3 38. bxc6 bxc6 39. Bc4 Kf8 40. f5 Ke7 41. e6 fxe6 42. Bxe6 Nd4 43. Bc8 c5 44. g4 c4 45. Ba6 c3 46. Bd3 c2 0-1

[Event "Sonderjysk EMT A"]
[Site "Sonderborg"]
[Date "2012.02.21"]
[Round "4"]
[White "Clausen, Hans Jorgen"]
[Black "Fyhn, Karsten"]
[Result "1-0"]
[WhiteElo "1661"]
[BlackElo "1800"]
[PlyCount "83"]
[EventDate "2012.01.17"]
[EventType "tourn"]
[EventRounds "7"]
[EventCountry "DEN"]
[SourceTitle "EXT 2023"]
[Source "ChessBase"]
[SourceDate "2022.10.05"]
[SourceVersion "1"]
[SourceVersionDate "2022.10.05"]
[SourceQuality "1"]

1. d4 Nf6 2. Nf3 g6 3. c4 Bg7 4. Nc3 0-0 5. e4 d6 6. Be2 e5 7. dxe5 dxe5 8. 0-0 Qe7 9. Qc2 c6 10. Bg5 h6 11. Bh4 g5 12. Bg3 Nbd7 13. h3 Nh5 14. Bh2 Nf4 15. Rad1 Nc5 16. Bxf4 gxf4 17. b4 Ne6 18. c5 Nd4 19. Qd3 Rd8 20. Nb1 Be6 21. a3 Rd7 22. Nxd4 Rxd4 23. Qf3 Rad8 24. Rxd4 Rxd4 25. Rd1 Qd7 26. Rxd4 Qxd4 27. Qd3 Qxd3 28. Bxd3 f3 29. gxf3 Bxh3 30. Nd2 Be6 31. Bc4 Bxc4 32. Nxc4 f6 33. Na5 b6 34. cxb6 axb6 35. Nxc6 Bf8 36. a4 Kf7 37. a5 bxa5 38. bxa5 Ke6 39. a6 Bc5 40. a7 Bxa7 41. Nxa7 f5 42. Nb5 1-0

[Event "Sonderjysk EMT A"]
[Site "Sonderborg"]
[Date "2012.01.17"]
[Round "1"]
[White "Clausen, Hans Jorgen"]
[Black "Nording, Jens"]
[Result "1/2-1/2"]
[WhiteElo "1661"]
[BlackElo "1991"]
[PlyCount "65"]
[EventDate "2012.01.17"]
[EventType "tourn"]
[EventRounds "7"]
[EventCountry "DEN"]
[SourceTitle "EXT 2023"]
[Source "ChessBase"]
[SourceDate "2022.10.05"]
[SourceVersion "1"]
[SourceVersionDate "2022.10.05"]
[SourceQuality "1"]

1. d4 Nf6 2. Nf3 e6 3. c4 d5 4. e3 Be7 5. Nc3 0-0 6. Be2 Nbd7 7. 0-0 b6 8. cxd5 exd5 9. a3 Re8 10. b4 Nf8 11. Bb2 Ng6 12. Qc2 Bg4 13. h3 Bd7 14. Bd3 Qc8 15. Ne5 Nf8 16. Nxd7 Qxd7 17. Rac1 Ne6 18. Ne2 Bd6 19. Qc6 Qe7 20. Qc3 Ng5 21. Bb5 Red8 22. Bc6 Rab8 23. Qb3 Nge4 24. Rc2 g5 25. f3 Ng3 26. Nxg3 Bxg3 27. Qd3 Rd6 28. b5 Re6 29. Bc1 h6 30. a4 Rd8 31. Re2 Nh5 32. Rc2 Nf6 33. Re2 1/2-1/2

[Event "Politiken Cup 33rd"]
[Site "Helsingor"]
[Date "2011.08.07"]
[Round "10"]
[White "Clausen, Hans Jorgen"]
[Black "Krokay, Urszula"]
[Result "0-1"]
[WhiteElo "1675"]
[BlackElo "1940"]
[PlyCount "170"]
[EventDate "2011.07.30"]
[EventType "swiss"]
[EventRounds "10"]
[EventCountry "DEN"]
[SourceTitle "CBM 143 Extra"]
[Source "ChessBase"]
[SourceDate "2011.08.29"]
[SourceVersion "1"]
[SourceVersionDate "2011.08.29"]
[SourceQuality "1"]

1. d4 Nf6 2. Nf3 e6 3. c4 b6 4. e3 Bb7 5. Be2 Bb4+ 6. Bd2 Be7 7. Nc3 0-0 8. 0-0 d6 9. Qc2 c5 10. Rac1 Nbd7 11. b3 Rc8 12. h3 Re8 13. Rfe1 cxd4 14. exd4 d5 15. cxd5 Nxd5 16. Qb2 N7f6 17. Nxd5 Nxd5 18. Rxc8 Qxc8 19. Rc1 Qb8 20. Ne5 Qd6 21. Bf3 Rd8 22. Nc4 Qb8 23. Ne5 Rd6 24. Bxd5 Rxd5 25. Bf4 Bd6 26. Be3 f6 27. Nc6 Qe8 28. Qc3 Qg6 29. f4 Ba3 30. b4 Bxc6 31. Qxc6 Bxc1 32. Qc8+ Kf7 33. Qc7+ Ke8 34. Qc8+ Ke7 35. Qxc1 Qd3 36. Bf2 Qb5 37. a3 Kd7 38. Qc2 f5 39. Qd1 Qc4 40. Qh5 Qc1+ 41. Kh2 Qxf4+ 42. Bg3 Qxd4 43. Qf7+ Kc6 44. Qxe6+ Kb5 45. Qe8+ Kc4 46. Qe2+ Qd3 47. Qa2+ Kb5 48. a4+ Kxb4 49. Be1+ Kc5 50. Qb2 Rd7 51. Qb4+ Kc6 52. Bg3 g5 53. Qf8 f4 54. Qc8+ Rc7 55. Qe6+ Qd6 56. Qe4+ Qd5 57. Qe8+ Kb7 58. Bf2 Rd7 59. Qe2 Qd3 60. Qg4 Qd5 61. Qe2 f3 62. gxf3 Rf7 63. Kg2 h5 64. a5 g4 65. hxg4 hxg4 66. a6+ Kc7 67. Qc2+ Kd8 68. Bh4+ Kd7 69. Qa4+ b5 70. Qxg4+ Qf5 71. Qd4+ Kc6 72. Qc3+ Qc5 73. Qh8 Qc2+ 74. Bf2 Qg6+ 75. Kf1 Qd3+ 76. Kg1 Qd1+ 77. Kh2 Qxf3 78. Qa8+ Kd6 79. Bg3+ Ke6 80. Qe8+ Re7 81. Qc8+ Kf7 82. Qc5 Re2+ 83. Kh3 Qh1+ 84. Kg4 Re4+ 85. Kf5 Qf3+ 0-1

[Event "Politiken Cup 33rd"]
[Site "Helsingor"]
[Date "2011.08.01"]
[Round "4"]
[White "Clausen, Hans Jorgen"]
[Black "Andreassen, Espen"]
[Result "1/2-1/2"]
[WhiteElo "1675"]
[BlackElo "1000"]
[PlyCount "114"]
[EventDate "2011.07.30"]
[EventType "swiss"]
[EventRounds "10"]
[EventCountry "DEN"]
[SourceTitle "CBM 143 Extra"]
[Source "ChessBase"]
[SourceDate "2011.08.29"]
[SourceVersion "1"]
[SourceVersionDate "2011.08.29"]
[SourceQuality "1"]

1. d4 d5 2. Nf3 Nf6 3. e3 e6 4. c4 Be7 5. Nc3 Nbd7 6. Be2 b6 7. cxd5 exd5 8. Bd2 c5 9. Bb5 0-0 10. Bc6 Rb8 11. Nxd5 Nxd5 12. Bxd5 Ba6 13. Qa4 Qc8 14. Qc6 Nf6 15. Bc3 Nxd5 16. Qxd5 Rd8 17. Qe4 Re8 18. h3 Bb7 19. Qg4 Qxg4 20. hxg4 Bxf3 21. gxf3 h6 22. dxc5 Bxc5 23. b4 Be7 24. a3 a6 25. Ke2 Red8 26. Bd4 b5 27. Rac1 Rbc8 28. Rhd1 Bh4 29. Rxc8 Rxc8 30. Bc5 Bf6 31. Rd3 a5 32. f4 a4 33. e4 Bb2 34. e5 Bc1 35. Kf3 g6 36. Ke4 Re8 37. Bd6 Kg7 38. Rd5 Bxa3 39. Rxb5 Ra8 40. Rb7 Kg8 41. f5 Bb2 42. fxg6 fxg6 43. b5 a3 44. Bxa3 Bxa3 45. Kd5 Rc8 46. f3 Bc1 47. e6 Bg5 48. Kd6 Rd8+ 49. Rd7 Re8 50. b6 Bf4+ 51. Kd5 g5 52. b7 Kf8 53. Rh7 Kg8 54. Rf7 Bg3 55. Rd7 Kf8 56. Rf7+ Kg8 57. Rd7 Kf8 1/2-1/2

[Event "Politiken Cup 33rd"]
[Site "Helsingor"]
[Date "2011.07.31"]
[Round "3"]
[White "Zachariassen, John"]
[Black "Clausen, Hans Jorgen"]
[Result "1-0"]
[WhiteElo "1936"]
[BlackElo "1675"]
[PlyCount "85"]
[EventDate "2011.07.30"]
[EventType "swiss"]
[EventRounds "10"]
[EventCountry "DEN"]
[SourceTitle "CBM 143 Extra"]
[Source "ChessBase"]
[SourceDate "2011.08.29"]
[SourceVersion "1"]
[SourceVersionDate "2011.08.29"]
[SourceQuality "1"]

1. c4 Nf6 2. Nf3 d6 3. Nc3 e5 4. d3 Be7 5. g3 c6 6. Bg2 Nbd7 7. 0-0 0-0 8. Rb1 a6 9. b4 Qc7 10. a4 Rb8 11. b5 c5 12. Bd2 b6 13. Nh4 a5 14. Nf5 Qd8 15. e4 Bb7 16. f4 g6 17. Nh6+ Kg7 18. f5 Ng8 19. Qc1 g5 20. f6+ Bxf6 21. Nf5+ Kg6 22. Bh3 h6 23. Nd1 Be7 24. Nde3 f6 25. Qd1 Kh7 26. Bg4 Bc8 27. Rb2 Rb7 28. Bc1 Nb8 29. h4 Bd7 30. hxg5 fxg5 31. Rh2 Rf6 32. Kg2 Bf8 33. Rfh1 Rg6 34. Bh5 Bxf5 35. exf5 Rf6 36. Bf3 Rbf7 37. Be4 Bg7 38. g4 Nd7 39. Nf1 Qe7 40. Bxg5 Qf8 41. Ng3 Kh8 42. Qd2 Kh7 43. Be3 1-0

[Event "Logumkloster-chA"]
[Site "Logumkloster"]
[Date "2011.05.03"]
[Round "4"]
[White "Hansen, Hans Valdemar"]
[Black "Clausen, Hans Jorgen"]
[Result "1-0"]
[WhiteElo "1844"]
[BlackElo "1685"]
[PlyCount "51"]
[EventDate "2011.04.05"]
[EventType "tourn"]
[EventRounds "5"]
[EventCountry "DEN"]
[SourceTitle "EXT 2023"]
[Source "ChessBase"]
[SourceDate "2022.10.05"]
[SourceVersion "1"]
[SourceVersionDate "2022.10.05"]
[SourceQuality "1"]

1. e4 e5 2. Nf3 d6 3. Bc4 h6 4. d4 exd4 5. Nxd4 Nf6 6. Nc3 c6 7. 0-0 Be7 8. Qf3 Bg4 9. Qg3 Qc8 10. h3 Nh5 11. Qxg4 Qxg4 12. hxg4 Nf6 13. Nf5 Bf8 14. g5 hxg5 15. Bxg5 Nbd7 16. Rad1 Nb6 17. Bb3 Ng4 18. Nxd6+ Bxd6 19. Rxd6 f6 20. Bf4 Rd8 21. Re6+ Kd7 22. Rd1+ Kc8 23. Re7 Rxd1+ 24. Nxd1 g5 25. Bc7 Ne5 26. Be6+ 1-0

[Event "Vojens Sonderjysk B"]
[Site "Vojens"]
[Date "2011.05.02"]
[Round "1"]
[White "Feldborg, Henrik"]
[Black "Clausen, Hans Jorgen"]
[Result "1-0"]
[WhiteElo "1652"]
[BlackElo "1626"]
[PlyCount "113"]
[EventDate "2011.05.02"]
[EventType "tourn"]
[EventRounds "7"]
[EventCountry "DEN"]
[SourceTitle "EXT 2023"]
[Source "ChessBase"]
[SourceDate "2022.10.05"]
[SourceVersion "1"]
[SourceVersionDate "2022.10.05"]
[SourceQuality "1"]

1. d4 d5 2. Nf3 e6 3. e3 Nf6 4. Bd3 Bd6 5. Nbd2 0-0 6. 0-0 c6 7. e4 dxe4 8. Nxe4 Nxe4 9. Bxe4 Nd7 10. c4 Qc7 11. Bc2 Bf4 12. Qd3 g6 13. Ng5 Bxc1 14. Raxc1 Nf6 15. Qf3 Kg7 16. Rfe1 Qb6 17. Qc3 Qd8 18. Bb3 Qd6 19. Rcd1 b6 20. d5 exd5 21. cxd5 Qc5 22. Qxc5 bxc5 23. dxc6 Ba6 24. Rc1 Rac8 25. Rxc5 Rc7 26. Ba4 Rd8 27. Rce5 h6 28. Nf3 Bc4 29. Re7 Rdc8 30. Rxc7 Rxc7 31. b3 Bd5 32. Nd4 a6 33. f3 Ng8 34. Rc1 Ne7 35. Rc2 Kf6 36. f4 Nf5 37. Nxf5 Kxf5 38. g3 Ke6 39. Kf2 Kd6 40. Rd2 Kc5 41. Ke3 Bxc6 42. Bxc6 Rxc6 43. Rc2+ Kd5 44. Rxc6 Kxc6 45. Kd4 Kd6 46. b4 f6 47. a4 h5 48. b5 axb5 49. axb5 g5 50. f5 h4 51. g4 h3 52. b6 Kc6 53. b7 Kxb7 54. Kd5 Kb6 55. Ke6 Kb5 56. Kxf6 Kc6 57. Kxg5 1-0

[Event "Logumkloster-ch Basis 1"]
[Site "Logumkloster"]
[Date "2010.04.27"]
[Round "3"]
[White "Clausen, Hans Jorgen"]
[Black "Jakobsen, Vagn Lynge"]
[Result "0-1"]
[WhiteElo "1651"]
[BlackElo "1882"]
[PlyCount "106"]
[EventDate "2010.04.13"]
[EventType "tourn"]
[EventRounds "5"]
[EventCountry "DEN"]
[SourceTitle "EXT 2023"]
[Source "ChessBase"]
[SourceDate "2022.10.05"]
[SourceVersion "1"]
[SourceVersionDate "2022.10.05"]
[SourceQuality "1"]

1. d4 Nf6 2. Nf3 g6 3. c4 d5 4. e3 Bg7 5. Nc3 0-0 6. Be2 b6 7. cxd5 Nxd5 8. Nxd5 Qxd5 9. Qc2 Ba6 10. 0-0 Bxe2 11. Qxe2 Nc6 12. Bd2 e5 13. e4 Nxd4 14. Nxd4 Qxd4 15. Bc3 Qd7 16. Rfd1 Qe6 17. a3 Rad8 18. Qa6 Qc6 19. f3 Rfe8 20. Qe2 Qe6 21. Rd3 Rxd3 22. Qxd3 Qd6 23. Qa6 Qc5+ 24. Kh1 b5 25. Rd1 Qb6 26. Qxb6 axb6 27. Rd5 c6 28. Rd7 Re6 29. h3 Kf8 30. Rb7 c5 31. Rd7 Ke8 32. Rd5 Ke7 33. Kg1 Rd6 34. Rd2 Rxd2 35. Bxd2 Ke6 36. Kf2 Bf8 37. b4 Be7 38. Ke2 Bh4 39. Be3 Kd6 40. Bf2 Bxf2 41. Kxf2 Ke6 42. h4 f5 43. g3 Kf6 44. Ke3 g5 45. hxg5+ Kxg5 46. exf5 Kxf5 47. Kd3 h5 48. Ke3 c4 49. Ke2 e4 50. f4 h4 51. gxh4 Kxf4 52. h5 Kg5 53. Ke3 c3 0-1

[Event "Logumkloster-chB"]
[Site "Logumkloster"]
[Date "2009.05.19"]
[Round "5"]
[White "Baagoe, Hans Chr"]
[Black "Clausen, Hans Jorgen"]
[Result "1/2-1/2"]
[WhiteElo "1693"]
[BlackElo "1680"]
[PlyCount "116"]
[EventDate "2009.04.21"]
[EventType "tourn"]
[EventRounds "5"]
[EventCountry "DEN"]
[SourceTitle "EXT 2023"]
[Source "ChessBase"]
[SourceDate "2022.10.05"]
[SourceVersion "1"]
[SourceVersionDate "2022.10.05"]
[SourceQuality "1"]

1. d4 b6 2. c4 e6 3. a3 Nf6 4. Nc3 Bb7 5. Bg5 Be7 6. Bxf6 Bxf6 7. e3 d6 8. Nf3 Nd7 9. Rc1 0-0 10. Bd3 c5 11. dxc5 Nxc5 12. Bb1 Bxc3+ 13. Rxc3 e5 14. b4 Ne6 15. 0-0 Qe7 16. g3 Rad8 17. e4 Qc7 18. Qc2 g6 19. b5 Nc5 20. Re1 Qd7 21. Qd2 Qg4 22. Qg5 Qxg5 23. Nxg5 h6 24. Nf3 Kg7 25. Bc2 g5 26. h4 g4 27. Nd2 h5 28. f3 Bc8 29. Rf1 f5 30. exf5 Bxf5 31. Bxf5 Rxf5 32. fxg4 Rxf1+ 33. Kxf1 hxg4 34. Ke2 Kf6 35. Ke3 Kf5 36. Rc1 d5 37. cxd5 Rxd5 38. Rf1+ Ke6 39. Rf8 Rd3+ 40. Ke2 Rxg3 41. Rg8 Rxa3 42. Rxg4 Ra4 43. Rg6+ Kd5 44. h5 Ne4 45. Rh6 Nc3+ 46. Kf2 Nxb5 47. Rh8 Rh4 48. h6 Nd6 49. Nf3 Rh5 50. Rh7 a5 51. Nd2 Ne4+ 52. Nxe4 Kxe4 53. Kg3 a4 54. Kg4 Rh1 55. Kg5 Rg1+ 56. Kf6 Rf1+ 57. Kg6 Rg1+ 58. Kf6 Rf1+ 1/2-1/2

[Event "Logumkloster-chB"]
[Site "Logumkloster"]
[Date "2009.05.05"]
[Round "3"]
[White "Clausen, Hans Jorgen"]
[Black "Ambog, Ejvind Osterby"]
[Result "1-0"]
[WhiteElo "1680"]
[BlackElo "1707"]
[PlyCount "111"]
[EventDate "2009.04.21"]
[EventType "tourn"]
[EventRounds "5"]
[EventCountry "DEN"]
[SourceTitle "EXT 2023"]
[Source "ChessBase"]
[SourceDate "2022.10.05"]
[SourceVersion "1"]
[SourceVersionDate "2022.10.05"]
[SourceQuality "1"]

1. d4 d5 2. Nf3 c6 3. e3 e6 4. c4 f5 5. cxd5 exd5 6. Bd3 Nf6 7. Ne5 Bd6 8. b3 Qe7 9. Bb2 0-0 10. 0-0 Bxe5 11. dxe5 Ng4 12. Qc2 b6 13. Nd2 Nxe5 14. Bxe5 Qxe5 15. Nf3 Qf6 16. Nd4 c5 17. Ne2 Nc6 18. a3 Ne5 19. Nf4 Bb7 20. Nh5 Qh4 21. Nf4 g5 22. Ne6 Rf6 23. Nxg5 Nxd3 24. Nf3 Qg4 25. Qxd3 Rg6 26. Ne1 Re8 27. f3 Qg5 28. f4 Qg4 29. Rf3 Qh4 30. Qxf5 d4 31. Rh3 Qe7 32. Qe5 Qd7 33. Qh5 Rxe3 34. Rxe3 dxe3 35. Rd1 Qe7 36. Qe5 Kf7 37. Qf5+ Ke8 38. Qe5 Qxe5 39. fxe5 Ke7 40. Rd3 e2 41. Re3 Bd5 42. Kf2 Ke6 43. g3 Rg5 44. Nd3 c4 45. Nf4+ Kf5 46. Nxd5 cxb3 47. Rxe2 Ke6 48. Nf4+ Kd7 49. e6+ Ke7 50. Rb2 Rb5 51. a4 Rc5 52. Rxb3 Rc4 53. Rd3 Rxa4 54. Rd7+ Ke8 55. Rxh7 Re4 56. Rxa7 1-0

[Event "Logumkloster-chB"]
[Site "Logumkloster"]
[Date "2009.04.30"]
[Round "2"]
[White "Feldborg, Henrik"]
[Black "Clausen, Hans Jorgen"]
[Result "1/2-1/2"]
[WhiteElo "1640"]
[BlackElo "1680"]
[PlyCount "88"]
[EventDate "2009.04.21"]
[EventType "tourn"]
[EventRounds "5"]
[EventCountry "DEN"]
[SourceTitle "EXT 2023"]
[Source "ChessBase"]
[SourceDate "2022.10.05"]
[SourceVersion "1"]
[SourceVersionDate "2022.10.05"]
[SourceQuality "1"]

1. g3 d5 2. c4 c6 3. cxd5 cxd5 4. Bg2 Nf6 5. Nc3 e6 6. Nf3 Nc6 7. d4 Be7 8. 0-0 a6 9. Re1 0-0 10. a3 b5 11. b4 Bb7 12. Qd3 Qb6 13. Bb2 Na7 14. Ne5 Rad8 15. e4 dxe4 16. Nxe4 Nc8 17. Rac1 Nd6 18. Nc5 Bxg2 19. Kxg2 Nf5 20. Nxf7 Rxf7 21. Rxe6 Nd6 22. Rce1 Qc6+ 23. Kg1 Bf8 24. Qe3 Qc8 25. Qg5 Nde4 26. R6xe4 Nxe4 27. Rxe4 Bxc5 28. bxc5 Rdf8 29. Rg4 Qf5 30. Qxf5 Rxf5 31. d5 g6 32. Rd4 Rxf2 33. Bc3 Rc2 34. Bb4 Rff2 35. d6 Rg2+ 36. Kh1 Rxh2+ 37. Kg1 Rcg2+ 38. Kf1 Rf2+ 39. Ke1 Rfg2 40. Kd1 Rh1+ 41. Be1 Rgg1 42. Re4 Rxe1+ 43. Rxe1 Rxe1+ 44. Kxe1 Kf7 1/2-1/2

[Event "Sonderjysk-chA"]
[Site "Agerskov"]
[Date "2007.09.23"]
[Round "6"]
[White "Clausen, Hans Jorgen"]
[Black "Hansen, Hans Valdemar"]
[Result "1/2-1/2"]
[WhiteElo "1657"]
[BlackElo "1781"]
[PlyCount "117"]
[EventDate "2007.09.09"]
[EventType "tourn"]
[EventRounds "7"]
[EventCountry "DEN"]
[SourceTitle "EXT 2023"]
[Source "ChessBase"]
[SourceDate "2022.10.05"]
[SourceVersion "1"]
[SourceVersionDate "2022.10.05"]
[SourceQuality "1"]

1. d4 d5 2. Nf3 e6 3. e3 c5 4. dxc5 Bxc5 5. a3 Nf6 6. b4 Bd6 7. Bb2 0-0 8. c4 dxc4 9. Bxc4 Qc7 10. Be2 e5 11. Nbd2 e4 12. Rc1 Qe7 13. Bxf6 gxf6 14. Nh4 f5 15. g3 f4 16. exf4 Bxf4 17. Ng2 Bh6 18. Qc2 Bf5 19. Qc3 Nc6 20. 0-0 Ne5 21. Ne3 Bg6 22. Qb3 Rad8 23. Rc2 Nd3 24. Ndc4 b5 25. Nb2 Bxe3 26. fxe3 Qg5 27. Nd1 h5 28. Bxd3 Rxd3 29. Qb2 Rfd8 30. Rc5 Qh6 31. Nf2 Qxe3 32. Qf6 R3d6 33. Qg5 Qxg5 34. Rxg5 e3 35. Ne4 Rd1 36. Nc3 R1d2 37. Re1 R2d3 38. Nxb5 a6 39. Nc7 Kh7 40. Re5 Rxa3 41. R1xe3 Ra4 42. b5 Ra1+ 43. Re1 Rdd1 44. Kf2 a5 45. Rxd1 Rxd1 46. b6 Rb1 47. Rb5 Rxb5 48. Nxb5 Be4 49. Nd6 Bd5 50. b7 Bxb7 51. Nxb7 a4 52. Nc5 a3 53. Nb3 Kg6 54. Kf3 Kf5 55. h3 Ke5 56. g4 h4 57. Ke3 f6 58. Nc1 f5 59. gxf5 1/2-1/2